000 01359nam a22002057a 4500
999 _c358468
_d358469
003 IT-MiCISF
005 20190801164602.0
008 190801b ||||| |||| 00| 0 eng d
040 _cIT-MiCISF
041 _ait
100 _aRigoli MariaTeresa, Muscarà Giuseppe
_958000
245 _aSempre nel cuore
_bRinascere dopo la perdita di un figlio
260 _aMilano
_bITL
_c2018
300 _app. 166
500 _amorte, famiglia, lutto, esperienze
520 _aUn figlio che ha lasciato questa vita quando aveva solo 20 anni. Due genitori che quel giorno hanno iniziato un lungo cammino, che continua ancora oggi, alla ricerca di un senso e di nuove ragioni per sperare e per amare. Bisogna entrare "in punta di piedi" nelle pagine in cui raccontano il loro viaggio, perché - come scrive padre Ermes Ronchi nella prefazione - «sono loro i veri maestri, i testimoni che ci mettono alle strette davanti al "caso serio" della vita». Le parole di questo diario infatti ce li riconsegnano come «dei guaritori feriti. Che proprio dalla ferita subita sanno trarre una terapia, un balsamo per il vivere d'altri: e le ferite diventano feritoie di luce per quanti devono affrontare lo stesso dolore, il più atroce e che mette tutto a repentaglio. C'è dell'oro nelle ferite».
650 _amorte
_956250
654 _atestimonianza
942 _2ddc
_cBK